| 000 | 02153nam0a22004571 4500 | ||
|---|---|---|---|
| 001 | v19\rc\1813233 | ||
| 005 | 20260407065916.0 | ||
| 035 | _a(NLR Aleph) 004912586 | ||
| 090 |
_a5493034 _c5493034 |
||
| 100 | _a20071224e19061906|||y0rusy50 ca | ||
| 101 | 0 | _arus | |
| 102 | _aRU | ||
| 105 | _aah z ||||| | ||
| 135 | _acrcn 024anaba | ||
| 200 | 1 |
_aЭфиопские рукописи в С.-Петербурге _fОписал Б. Тураев |
|
| 210 |
_aСанкт-Петербург _cтип. Акад. наук _d1906 |
||
| 215 |
_a[2], 136 с., 4 л. ил., факс. _d27 |
||
| 225 | 1 |
_aПамятники эфиопской письменности _v3 |
|
| 311 | _aОтт. из "Зап. Вост. отд-ния Имп. Рус. археол. о-ва". т. 17 | ||
| 316 |
_aЭкз. РНБ (38.6.2.43(3)): владел. автогр. И.К. _5NLR: 38.6.2.43(3) |
||
| 320 | _aБиблиогр. в подстроч. примеч. | ||
| 325 | _aКопия доступна в Электрон. б-ке РНБ | ||
| 488 | 0 |
_12001#$aЗаписки Восточного отделения Императорского Русского археологического общества$vТ. 17 _tЗаписки Восточного отделения Императорского Русского археологического общества |
|
| 532 | 1 | 0 | _aЭфиопские рукописи в Санкт-Петербурге |
| 700 | 1 |
_8rus _7ca _aТураев _bБ. А. _f1868-1920 _gБорис Александрович _3RU\NLR\AUTH\7716809 _9126443 |
|
| 801 | 0 |
_aRU _bNLR _gpsbo |
|
| 801 | 0 |
_aRU _bRuMoRGB _2psbo |
|
| 801 | 1 |
_aRU _bProSoft-M _2rusmarc |
|
| 852 |
_aNLR _j38.6.2.43(3) |
||
| 852 |
_aNLR _jКрI-699/3 |
||
| 899 |
_aRuMoRGB _jA 301/55 |
||
| 899 | _aБАН | ||
| 899 | _aНБ СПбГУ | ||
| 899 | _aГПИБ | ||
| 942 | _cBOOK | ||
| 980 | _aNB | ||
| 980 | 1 | _aKRCH | |
| 981 | 2 | 2 |
_a(22) Материалы по истории России _b(22) Культура. Наука. Просвещение. |